000 00330nam a2200133Ia 4500
008 191201s1998 xx 000 0 und d
100 _aKLEIN, Werner
245 0 _aManual of Textile Technology of Short
250 _a2nd
260 _aN. Delhi
_bTextile Institute
_c1998
300 _a48
650 _aB.Tech(TE)
942 _2ddc
_cBK
999 _c5180
_d5180